000 00610nam a22001817a 4500
999 _c186418
_d186418
005 20220228111215.0
010 _aENG-131821
020 _a9788195391837
_c777.00
035 _aEN-115353
037 _bDBAD/PUB
082 _a005.133
245 _aR Programming/
_cP. Santosh Kumar Patra [et.al...]
260 _aHyderabad
_bSevenHills International Publishers
_c2020
270 _bHyderabad
_a# 326/C, III Floor, Surneni Nilayam Near B K Guda Park, S R Nagar
_e500038
300 _axvi, 400p.
_c24cm(pbk)
700 _aPatra, P. Santosh Kumar [et.al...]
942 _2ddc
_cEN
_h005.133
_mPAT